| 000 | 01471cam a2200361 a 4500 | ||
|---|---|---|---|
| 001 | 13551882 | ||
| 003 | OSt | ||
| 005 | 20140310181619.0 | ||
| 008 | 040408s2004 nyua 000 1 eng | ||
| 010 | _a 2004049497 | ||
| 020 | _a0670033596 (alk. paper) | ||
| 040 |
_aDLC _cDLC _dDLC |
||
| 043 | _ae-uk--- | ||
| 050 | 0 | 0 |
_aPR 6106 _b.F437 2004 |
| 082 | 0 | 0 |
_aFIC _bF31s 2004 |
| 100 | 1 |
_aFforde, Jasper. _917553 |
|
| 245 | 1 | 0 |
_aSomething rotten / _cJasper Fforde. |
| 246 | 1 |
_iTitle appears on item as: _aThursday Next in Something rotten |
|
| 260 |
_aNew York : _bViking, _cc2004. |
||
| 300 |
_a385 p. _bill. ; _c22 cm. |
||
| 650 | 0 |
_aNext, Thursday (Fictitious character) _vFiction. _917554 |
|
| 650 | 0 |
_aCharacters and characteristics in literature _vFiction. _917555 |
|
| 650 | 0 |
_aWomen detectives _zGreat Britain _vFiction. _917556 |
|
| 655 | 7 |
_aFantasy fiction. _2gsafd _93053 |
|
| 655 | 7 |
_aMystery fiction. _2gsafd _94089 |
|
| 856 | 4 | 2 |
_3Contributor biographical information _uhttp://www.loc.gov/catdir/enhancements/fy0719/2004049497-b.html |
| 856 | 4 | 2 |
_3Publisher description _uhttp://www.loc.gov/catdir/enhancements/fy0719/2004049497-d.html |
| 856 | 4 | 1 |
_3Sample text _uhttp://www.loc.gov/catdir/enhancements/fy0719/2004049497-s.html |
| 906 |
_a7 _bcbc _corignew _d1 _eocip _f20 _gy-gencatlg |
||
| 942 |
_2lcc _cFIC _kFIC |
||
| 999 |
_c55 _d55 |
||